[Event "FIDE World Cup 2019"]
[Site "Khanty-Mansiysk RUS"]
[Date "2019.09.21"]
[Round "8"]
[White "So, Wesley"]
[Black "Vitiugov, Nikita"]
[Result "1/2-1/2"]
[WhiteElo "2767"]
[BlackElo "2732"]
[PlyCount "60"]
[EventDate "2019.09.10"]

1. e4 e5 2. Nf3 Nc6 3. Bb5 a6 4. Ba4 Nf6 5. O-O Be7 6. Re1 b5 7. Bb3 d6 8. a4
Bd7 9. c3 O-O 10. d4 h6 11. Nbd2 exd4 12. cxd4 Nb4 13. Nf1 c5 14. e5 dxe5 15.
dxe5 Nh7 16. e6 Bxe6 17. Bxe6 Qxd1 18. Bxf7+ Kxf7 19. Rxd1 Bf6 20. Bd2 Nd3 21.
Bc3 c4 22. Bxf6 Nxf6 23. b3 Ne4 24. bxc4 bxc4 25. Ne3 Nexf2 26. Rf1 Ne4 27.
Nxc4 Kg8 28. Nfe5 Rxf1+ 29. Rxf1 Nxe5 30. Nxe5 Nc5 1/2-1/2

[Event "FIDE World Cup 2019"]
[Site "Khanty-Mansiysk RUS"]
[Date "2019.09.21"]
[Round "8"]
[White "Aronian, Levon"]
[Black "Le, Quang Liem"]
[Result "1/2-1/2"]
[WhiteElo "2758"]
[BlackElo "2708"]
[PlyCount "64"]
[EventDate "2019.09.10"]

1. e4 c5 2. Nf3 Nc6 3. Bb5 g6 4. c3 Nf6 5. Qe2 Bg7 6. O-O O-O 7. d4 cxd4 8.
cxd4 d5 9. e5 Ne4 10. Nc3 Bf5 11. Bxc6 bxc6 12. Nh4 e6 13. Nxf5 exf5 14. Na4 c5
15. Nxc5 Nxc5 16. dxc5 Qc7 17. f4 Qxc5+ 18. Be3 d4 19. Rac1 Qd5 20. Rfd1 Qxa2
21. Ra1 Qb3 22. Rxd4 Rfb8 23. Rd3 Qb7 24. Bc5 Bf8 25. b4 a5 26. Bxf8 Rxf8 27.
bxa5 Rxa5 28. Rxa5 Qb6+ 29. Qf2 Qb1+ 30. Qf1 Qb6+ 31. Qf2 Qb1+ 32. Qf1 Qb6+
1/2-1/2

[Event "FIDE World Cup 2019"]
[Site "Khanty-Mansiysk RUS"]
[Date "2019.09.21"]
[Round "8"]
[White "Radjabov, Teimour"]
[Black "Mamedyarov, Shakhriyar"]
[Result "1/2-1/2"]
[WhiteElo "2758"]
[BlackElo "2767"]
[PlyCount "59"]
[EventDate "2019.09.10"]

1. d4 Nf6 2. c4 g6 3. Nc3 d5 4. cxd5 Nxd5 5. e4 Nxc3 6. bxc3 Bg7 7. Nf3 c5 8.
Rb1 O-O 9. Be2 cxd4 10. cxd4 Qa5+ 11. Qd2 Qxd2+ 12. Bxd2 b6 13. Rc1 Bb7 14. Bd3
Rd8 15. Rc7 Rd7 16. Rxd7 Nxd7 17. Ke2 Nf6 18. d5 Nd7 19. Be3 Rc8 20. Rc1 Rxc1
21. Bxc1 Nc5 22. Ba3 Nxd3 23. Kxd3 Kf8 24. Nd4 Bxd4 25. Kxd4 Ke8 26. Bc1 Kd7
27. Ba3 Ke8 28. Bc1 Kd7 29. Ba3 Ke8 30. Bc1 1/2-1/2

[Event "FIDE World Cup 2019"]
[Site "Khanty-Mansiysk RUS"]
[Date "2019.09.21"]
[Round "8"]
[White "Dominguez Perez, Leinier"]
[Black "Grischuk, Alexander"]
[Result "1-0"]
[WhiteElo "2763"]
[BlackElo "2759"]
[PlyCount "81"]
[EventDate "2019.09.10"]

1. e4 e5 2. Nf3 Nc6 3. Bc4 Bc5 4. c3 Nf6 5. d3 d6 6. Bg5 h6 7. Bh4 a6 8. a4 Ba7
9. Nbd2 Qe7 10. O-O g5 11. Bg3 Nd7 12. b4 Nf8 13. b5 Nd8 14. d4 Ng6 15. h3 h5
16. Bd5 c6 17. Bb3 g4 18. hxg4 Bxg4 19. Qb1 Rc8 20. bxa6 bxa6 21. Qd3 h4 22.
Bh2 Ne6 23. Bd1 Nef4 24. Qxa6 O-O 25. Nxe5 dxe5 26. Bxg4 Qg5 27. Bf3 Ra8 28.
Qc4 Nxg2 29. Kh1 Qxd2 30. Rad1 Ne3 31. fxe3 Qxe3 32. Rd3 Qh6 33. Bg4 Rae8 34.
Rdf3 Re7 35. Bf5 Nf4 36. Bxf4 exf4 37. Rxf4 Rb8 38. Rg4+ Kf8 39. Bg6 Rbb7 40.
Qxc6 Qe3 41. Rxh4 1-0

[Event "World Cup Knockout ((tie-break)) 2019"]
[Site "Khanty-Mansiysk RUS"]
[Date "2019.09.22"]
[Round "4"]
[White "Ding, Liren"]
[Black "Alekseenko, Kirill"]
[Result "1-0"]
[WhiteElo "2811"]
[BlackElo "2671"]
[PlyCount "47"]
[EventDate "2019.09.10"]

1. c4 e5 2. g3 Nc6 3. Nc3 g6 4. Bg2 d6 5. e3 Bg7 6. Nge2 h5 7. h4 Be6 8. b3 Nf6
9. d4 exd4 10. exd4 Bg4 11. O-O Qd7 12. Bg5 O-O 13. Qd2 Rae8 14. Rae1 a6 15. d5
Ne5 16. Bxf6 Bxe2 17. Bxg7 Bxf1 18. Qh6 f6 19. Qh8+ Kf7 20. Bxf8 Nf3+ 21. Bxf3
Rxe1 22. Bh6 Bd3+ 23. Kh2 Qe7 24. c5 1-0

[Event "World Cup Knockout ((tie-break)) 2019"]
[Site "Khanty-Mansiysk RUS"]
[Date "2019.09.22"]
[Round "4"]
[White "Xiong, Jeffery"]
[Black "Duda, Jan-Krzysztof"]
[Result "1-0"]
[WhiteElo "2707"]
[BlackElo "2730"]
[PlyCount "110"]
[EventDate "2019.09.10"]

1. e4 e5 2. Nf3 Nf6 3. d4 Nxe4 4. Bd3 d5 5. Nxe5 Nd7 6. Nxd7 Bxd7 7. O-O Be7 8.
Bf4 O-O 9. Nd2 Nxd2 10. Qxd2 Bg4 11. Rfe1 c6 12. Re3 Bf6 13. Rae1 Qd7 14. h3
Bf5 15. Bxf5 Qxf5 16. Bd6 Bg5 17. Bxf8 Bxe3 18. Rxe3 Rxf8 19. Re7 Rb8 20. Qd3
Qxd3 21. cxd3 Kf8 22. Rc7 a5 23. g3 a4 24. a3 g5 25. Kf1 h5 26. h4 gxh4 27.
gxh4 Kg7 28. Kg2 Kg6 29. Kg3 f6 30. Kf4 b5 31. Rxc6 b4 32. Ra6 bxa3 33. bxa3
Rb3 34. Rxa4 Rxd3 35. f3 Kf7 36. Ra7+ Kg6 37. Ra4 Kf7 38. Kg3 Ke6 39. Kf2 Rd2+
40. Ke3 Rh2 41. Ra6+ Ke7 42. a4 Rxh4 43. a5 Rh1 44. Ra8 Kd7 45. a6 Kc7 46. Rf8
Ra1 47. Rxf6 h4 48. Kf4 h3 49. Rh6 Rh1 50. Ke5 Kb8 51. Rh7 h2 52. Kxd5 Rf1 53.
Rxh2 Rxf3 54. Rb2+ Ka7 55. Ra2 Rf8 1-0

[Event "World Cup Knockout ((tie-break)) 2019"]
[Site "Khanty-Mansiysk RUS"]
[Date "2019.09.22"]
[Round "4"]
[White "Aronian, Levon"]
[Black "Le, Quang Liem"]
[Result "1/2-1/2"]
[WhiteElo "2758"]
[BlackElo "2708"]
[PlyCount "95"]
[EventDate "2019.09.10"]

1. e4 c5 2. Nf3 Nc6 3. Bb5 g6 4. O-O Bg7 5. Bxc6 bxc6 6. Re1 Nh6 7. c3 O-O 8.
d4 cxd4 9. cxd4 d5 10. e5 f6 11. exf6 exf6 12. Nbd2 Re8 13. Nb3 Rxe1+ 14. Qxe1
Nf5 15. Bd2 Bd7 16. Nc5 Qc7 17. Rc1 Re8 18. Qd1 Bc8 19. h3 Bf8 20. Qa4 Qb6 21.
b3 Nd6 22. Ba5 Qb5 23. Qxb5 Nxb5 24. a4 Nd6 25. Bd2 g5 26. Nd3 Bd7 27. Nc5 Bc8
28. Nd3 Bf5 29. Nfe1 Rc8 30. g4 Bg6 31. f3 Rb8 32. Nc5 Be7 33. Rc3 Kf7 34. Ned3
Bxd3 35. Nxd3 Ke8 36. Be1 Nf7 37. Bg3 Rb7 38. Kf1 Kd7 39. Bf2 Nd8 40. f4 gxf4
41. Nxf4 Nf7 42. Nh5 Ng5 43. Ke2 Rb4 44. Rd3 Rb8 45. Ng7 Ne6 46. Nxe6 Kxe6 47.
Re3+ Kd7 48. Rf3 1/2-1/2

[Event "World Cup Knockout ((tie-break)) 2019"]
[Site "Khanty-Mansiysk RUS"]
[Date "2019.09.22"]
[Round "4"]
[White "Radjabov, Teimour"]
[Black "Mamedyarov, Shakhriyar"]
[Result "1/2-1/2"]
[WhiteElo "2758"]
[BlackElo "2767"]
[PlyCount "128"]
[EventDate "2019.09.10"]

1. e4 e5 2. Nf3 Nc6 3. Bc4 Bc5 4. d3 Nf6 5. c3 O-O 6. O-O d5 7. exd5 Nxd5 8.
Re1 Bg4 9. h3 Bh5 10. Nbd2 Nb6 11. Bb3 Qxd3 12. Nxe5 Qf5 13. Nef3 Rad8 14. Qe2
Qc8 15. Qb5 Nd7 16. Bc2 Rfe8 17. Rxe8+ Rxe8 18. Bf5 a6 19. Qc4 Bd6 20. Qh4 Bg6
21. Bxg6 hxg6 22. Ne4 Nce5 23. Nfg5 Nf8 24. Nxd6 cxd6 25. Qd4 Qc6 26. f3 d5 27.
h4 f6 28. Nh3 Ne6 29. Qd1 Kf7 30. Nf4 Qc5+ 31. Kh2 Rh8 32. Kg3 Nxf4 33. Bxf4
Nc6 34. Qd2 Ne7 35. Be3 Qc4 36. Kf2 Qxh4+ 37. Kf1 Qc4+ 38. Kg1 g5 39. b3 Qh4
40. Re1 Kg6 41. Kf1 Nf5 42. Qd3 g4 43. Bf2 Qh5 44. Re3 g3 45. Bxg3 Qh1+ 46. Kf2
Qa1 47. Re1 Qxa2+ 48. Kg1 Qxb3 49. Bf2 Qc4 50. Qc2 Qf4 51. g4 Qxf3 52. Qxf5+
Qxf5 53. gxf5+ Kxf5 54. Re7 b5 55. Rxg7 Rc8 56. Bd4 Rc4 57. Rb7 b4 58. Rxb4
Rxb4 59. cxb4 Ke4 60. Bxf6 Kd3 61. Bd8 d4 62. Kf2 Kc3 63. Bf6 Kxb4 64. Bxd4 a5
1/2-1/2

[Event "World Cup Knockout ((tie-break)) 2019"]
[Site "Khanty-Mansiysk RUS"]
[Date "2019.09.22"]
[Round "4"]
[White "Dominguez Perez, Leinier"]
[Black "Grischuk, Alexander"]
[Result "1/2-1/2"]
[WhiteElo "2763"]
[BlackElo "2759"]
[PlyCount "77"]
[EventDate "2019.09.10"]

1. e4 e5 2. Nf3 Nc6 3. Bc4 Bc5 4. c3 Nf6 5. d4 exd4 6. e5 d5 7. Bb5 Ne4 8. cxd4
Bb6 9. Nc3 O-O 10. Be3 Bg4 11. h3 Bh5 12. Qc2 Nxc3 13. bxc3 f6 14. exf6 Qxf6
15. Be2 Na5 16. O-O Bxf3 17. Bxf3 c6 18. Rae1 Nc4 19. Bc1 Bc7 20. Bg4 Rae8 21.
g3 Bd6 22. h4 Qf7 23. h5 Ba3 24. Bg5 h6 25. Bf4 Bd6 26. Rxe8 Rxe8 27. Bc1 Ba3
28. Bf4 Bd6 29. Bc1 Ba3 30. Bf4 Bd6 31. Bd2 Re4 32. Bd1 b5 33. Kg2 a5 34. Bf3
Re6 35. Bc1 Ba3 36. Bf4 Bd6 37. Bc1 Ba3 38. Bf4 Bd6 39. Bc1 1/2-1/2

[Event "World Cup Knockout ((tie-break)) 2019"]
[Site "Khanty-Mansiysk RUS"]
[Date "2019.09.22"]
[Round "4"]
[White "Alekseenko, Kirill"]
[Black "Ding, Liren"]
[Result "0-1"]
[WhiteElo "2671"]
[BlackElo "2811"]
[PlyCount "124"]
[EventDate "2019.09.10"]

1. e4 e5 2. Nf3 Nc6 3. Bc4 Bc5 4. c3 Nf6 5. d3 d6 6. O-O O-O 7. Re1 a6 8. a4
Ba7 9. Nbd2 Ng4 10. Re2 Kh8 11. h3 f5 12. Nf1 fxe4 13. dxe4 Nh6 14. Re1 Qf6 15.
Ng3 Bxh3 16. Bg5 Qg6 17. gxh3 Rxf3 18. Qxf3 Qxg5 19. Kh2 Ne7 20. Rg1 Ng6 21.
Nf5 Qf6 22. Nxh6 Qxf3 23. Nf7+ Qxf7 24. Bxf7 Nf4 25. a5 Rf8 26. Bd5 c6 27. Bc4
Rf6 28. Raf1 g6 29. Rg3 d5 30. Bd3 Nh5 31. Rg4 Nf4 32. Bc2 Kg7 33. h4 h5 34.
Rg3 Ne2 35. Rg5 d4 36. Bd1 d3 37. f3 Rf4 38. Kh3 Kf6 39. Rg2 Nc1 40. Re1 Bc5
41. Rd2 Kg7 42. Ba4 Rxf3+ 43. Kg2 Be3 44. Kxf3 Bxd2 45. Rd1 Bf4 46. b4 d2 47.
c4 Na2 48. Ra1 Nc3 49. Bc2 Kf6 50. Ra3 d1=Q+ 51. Bxd1 Nxd1 52. Rd3 Ne3 53. Rd6+
Ke7 54. Rxg6 Nxc4 55. Rg7+ Kd6 56. Rxb7 Nd2+ 57. Ke2 Nxe4 58. Ra7 Nc3+ 59. Kd3
Nd5 60. Ke4 Nxb4 61. Rh7 c5 62. Rxh5 c4 0-1

[Event "World Cup Knockout ((tie-break)) 2019"]
[Site "Khanty-Mansiysk RUS"]
[Date "2019.09.22"]
[Round "4"]
[White "Duda, Jan-Krzysztof"]
[Black "Xiong, Jeffery"]
[Result "1-0"]
[WhiteElo "2730"]
[BlackElo "2707"]
[PlyCount "87"]
[EventDate "2019.09.10"]

1. a3 g6 2. e4 c5 3. Nc3 Bg7 4. Bc4 Nc6 5. d3 Nf6 6. Bg5 d6 7. Nge2 Bd7 8. Qd2
h6 9. Bh4 Nd4 10. Nxd4 cxd4 11. Ne2 Qb6 12. Bb3 Rc8 13. h3 a5 14. a4 Bc6 15.
O-O Nd7 16. f4 Nc5 17. Bc4 Nxa4 18. e5 Nxb2 19. Bb3 a4 20. Ba2 Qc5 21. Bf2 dxe5
22. fxe5 Bxe5 23. Bxf7+ Kd7 24. Nf4 Rcf8 25. Be6+ Ke8 26. Nxg6 Rf6 27. Nxe5
Qxe5 28. Rae1 Qd6 29. Qa5 Rhf8 30. Qh5+ Kd8 31. Qa5+ Ke8 32. Qa8+ Qd8 33. Qxd8+
Kxd8 34. Bxd4 Rxf1+ 35. Rxf1 Rxf1+ 36. Kxf1 a3 37. Bc5 Nd1 38. g4 Ba4 39. Ke1
Bxc2 40. Kd2 Ba4 41. h4 Ke8 42. g5 hxg5 43. hxg5 Kf8 44. Bd4 1-0

[Event "World Cup Knockout ((tie-break)) 2019"]
[Site "Khanty-Mansiysk RUS"]
[Date "2019.09.22"]
[Round "4"]
[White "Le, Quang Liem"]
[Black "Aronian, Levon"]
[Result "1/2-1/2"]
[WhiteElo "2708"]
[BlackElo "2758"]
[PlyCount "65"]
[EventDate "2019.09.10"]

1. d4 Nf6 2. c4 e6 3. Nf3 d5 4. g3 Be7 5. Bg2 O-O 6. O-O dxc4 7. Na3 Bxa3 8.
bxa3 b5 9. a4 a6 10. Ba3 Re8 11. Ne5 Nd5 12. e4 Ne7 13. Qh5 Ng6 14. Rad1 Nd7
15. Nc6 Nf6 16. Nxd8 Nxh5 17. e5 Rb8 18. Nc6 Ra8 19. Na5 Rb8 20. Bf3 Bd7 21.
axb5 axb5 22. Bb4 Nhf4 23. gxf4 Nxf4 24. Rd2 Nd5 25. Rb1 Rb6 26. Rdb2 Ra8 27.
Be1 Ra7 28. Bxd5 exd5 29. f3 Bf5 30. Ra1 Bd7 31. Rab1 Bf5 32. Ra1 Bd7 33. Rab1
1/2-1/2

[Event "World Cup Knockout ((tie-break)) 2019"]
[Site "Khanty-Mansiysk RUS"]
[Date "2019.09.22"]
[Round "4"]
[White "Mamedyarov, Shakhriyar"]
[Black "Radjabov, Teimour"]
[Result "1/2-1/2"]
[WhiteElo "2767"]
[BlackElo "2758"]
[PlyCount "82"]
[EventDate "2019.09.10"]

1. d4 Nf6 2. c4 e6 3. Nc3 d5 4. cxd5 exd5 5. Bg5 Be7 6. e3 O-O 7. Bd3 c6 8.
Nge2 Re8 9. Qc2 Nbd7 10. O-O Nf8 11. f3 g6 12. Bh4 Ne6 13. Kh1 b5 14. Rad1 Bb7
15. Qc1 Rc8 16. e4 b4 17. Na4 Qa5 18. b3 c5 19. Nxc5 Nxc5 20. dxc5 Rxc5 21. Qe3
Qc7 22. Bg3 Bd6 23. Qd4 Bxg3 24. Nxg3 Qb6 25. e5 Nd7 26. f4 Rc3 27. Qxb6 Nxb6
28. Ne2 Rc5 29. Kg1 Ra5 30. Rd2 Nd7 31. Rc1 Nc5 32. Bb1 Ne4 33. Bxe4 dxe4 34.
Rc7 e3 35. Rd3 Rxa2 36. Rxe3 Bd5 37. h4 a5 38. Rc5 Bb7 39. Rc7 Bd5 40. Rc5 Bb7
41. Rc7 Bd5 1/2-1/2

[Event "World Cup Knockout ((tie-break)) 2019"]
[Site "Khanty-Mansiysk RUS"]
[Date "2019.09.22"]
[Round "4"]
[White "Grischuk, Alexander"]
[Black "Dominguez Perez, Leinier"]
[Result "1-0"]
[WhiteElo "2759"]
[BlackElo "2763"]
[PlyCount "93"]
[EventDate "2019.09.10"]

1. Nf3 d5 2. g3 Nf6 3. Bg2 e6 4. O-O Be7 5. c4 O-O 6. d4 dxc4 7. Qc2 a6 8. a4
Bd7 9. Qxc4 Bc6 10. Bg5 Nbd7 11. Nc3 h6 12. Bxf6 Nxf6 13. Rfd1 Bd5 14. Qd3 Bxf3
15. Bxf3 c6 16. e3 a5 17. h4 h5 18. e4 g6 19. Qe3 Re8 20. Kg2 Kg7 21. Rd3 Qb6
22. Rad1 Rad8 23. e5 Nd7 24. Ne2 c5 25. Rb3 cxd4 26. Rxb6 dxe3 27. Rxb7 Nxe5
28. Rxe7 Rxd1 29. Rxe8 Nd3 30. Nc3 Rd2 31. Be2 Nxb2 32. Kf1 exf2 33. Rb8 Rc2
34. Rb3 Kf6 35. Kxf2 Nd3+ 36. Ke3 Nc5 37. Ra3 Ke5 38. Bb5 Rg2 39. Kf3 Rd2 40.
Ra2 Rd4 41. Re2+ Kf5 42. Ke3 Ke5 43. Rf2 f5 44. Rf4 Rd8 45. Rc4 Nb3 46. Ne2 Kf6
47. Rc6 1-0

[Event "World Cup Knockout ((tie-break)) 2019"]
[Site "Khanty-Mansiysk RUS"]
[Date "2019.09.22"]
[Round "4"]
[White "Duda, Jan-Krzysztof"]
[Black "Xiong, Jeffery"]
[Result "1-0"]
[WhiteElo "2730"]
[BlackElo "2707"]
[PlyCount "73"]
[EventDate "2019.09.10"]

1. e4 c6 2. d4 d5 3. e5 Bf5 4. Be3 e6 5. Nd2 Ne7 6. c3 Bg6 7. f4 h5 8. Ngf3 h4
9. Be2 Nd7 10. Bf2 Nf5 11. Nb3 Be7 12. O-O Bh5 13. Ne1 Bxe2 14. Qxe2 g5 15. Nd3
Rg8 16. fxg5 Bxg5 17. a4 Bh6 18. Be1 Be3+ 19. Kh1 Qg5 20. Na5 O-O-O 21. b4 Rg7
22. Ra2 Rh8 23. Rf3 f6 24. b5 cxb5 25. axb5 fxe5 26. dxe5 Bb6 27. Nb3 Qg4 28.
Nf4 Re8 29. c4 dxc4 30. Qxc4+ Kb8 31. Qe2 Ne3 32. Bf2 Nxg2 33. Bxb6 Nxf4 34.
Bxa7+ Kc8 35. Qc4+ Nc5 36. Rf1 Reg8 37. Bxc5 1-0

[Event "World Cup Knockout ((tie-break)) 2019"]
[Site "Khanty-Mansiysk RUS"]
[Date "2019.09.22"]
[Round "4"]
[White "Le, Quang Liem"]
[Black "Aronian, Levon"]
[Result "0-1"]
[WhiteElo "2708"]
[BlackElo "2758"]
[PlyCount "112"]
[EventDate "2019.09.10"]

1. c4 Nf6 2. Nc3 e5 3. Nf3 Nc6 4. e3 Bb4 5. Qc2 Bxc3 6. bxc3 O-O 7. d3 d6 8.
Be2 Ne8 9. O-O f5 10. Ne1 Nf6 11. c5 d5 12. d4 e4 13. c4 Be6 14. Rb1 Rb8 15. f4
Na5 16. cxd5 Qxd5 17. Qc3 b6 18. Ba3 Qxa2 19. cxb6 Nd5 20. Qb2 Qxb2 21. Rxb2
Rfe8 22. bxc7 Rxb2 23. Bxb2 Nxe3 24. d5 Bxd5 25. Rf2 Nec4 26. Be5 Rc8 27. g4
Nxe5 28. fxe5 fxg4 29. Bxg4 Rxc7 30. Rd2 Bb7 31. Nc2 Nc6 32. e6 g6 33. Ne3 Ne5
34. Kf2 Kf8 35. Bh3 Ke7 36. Ra2 a6 37. Ra4 Nd3+ 38. Kg3 Rc3 39. Ra5 Kd6 40. Ra1
Nc5 41. Kf2 Nxe6 42. Rb1 Nc5 43. Rb6+ Kc7 44. Rf6 a5 45. Rf7+ Kb6 46. Rxh7 a4
47. Rg7 Nd3+ 48. Kg3 a3 49. Rxg6+ Ka7 50. Rg5 Nc5 51. Rxc5 Rxc5 52. Be6 Bd5 53.
Bxd5 Rxd5 54. Nxd5 a2 55. Kf4 a1=Q 56. Kxe4 Qh1+ 0-1

[Event "World Cup Knockout ((tie-break)) 2019"]
[Site "Khanty-Mansiysk RUS"]
[Date "2019.09.22"]
[Round "4"]
[White "Radjabov, Teimour"]
[Black "Mamedyarov, Shakhriyar"]
[Result "1/2-1/2"]
[WhiteElo "2758"]
[BlackElo "2767"]
[PlyCount "78"]
[EventDate "2019.09.10"]

1. Nf3 Nf6 2. c4 c5 3. Nc3 d5 4. cxd5 Nxd5 5. Qb3 Nb4 6. a3 N4c6 7. e3 e6 8.
Be2 Be7 9. O-O O-O 10. d4 cxd4 11. exd4 Nxd4 12. Nxd4 Qxd4 13. Be3 Qe5 14. Bf3
Nc6 15. Rfd1 Bc5 16. Bxc5 Qxc5 17. Ne4 Qe5 18. Rac1 Nd4 19. Qe3 Nxf3+ 20. Qxf3
Qxb2 21. Rc7 e5 22. Ng5 Qb6 23. Rxf7 Be6 24. Rxb7 Rxf3 25. Rxb6 axb6 26. Nxf3
e4 27. Ne5 g6 28. Rd6 Rxa3 29. h3 Ba2 30. Rxb6 e3 31. Rb8+ Kg7 32. Rb7+ Kg8 33.
fxe3 Rxe3 34. Ng4 Re6 35. Nh6+ Kh8 36. Nf7+ Kg8 37. Ng5 Re2 38. Nxh7 Rxg2+ 39.
Kxg2 Bd5+ 1/2-1/2

[Event "World Cup Knockout ((tie-break)) 2019"]
[Site "Khanty-Mansiysk RUS"]
[Date "2019.09.22"]
[Round "4"]
[White "Xiong, Jeffery"]
[Black "Duda, Jan-Krzysztof"]
[Result "1-0"]
[WhiteElo "2707"]
[BlackElo "2730"]
[PlyCount "145"]
[EventDate "2019.09.10"]

1. e4 e5 2. Nf3 Nf6 3. Nxe5 d6 4. Nf3 Nxe4 5. d3 Nf6 6. d4 Be7 7. Bd3 O-O 8.
O-O c5 9. Nc3 Bg4 10. h3 Bh5 11. g4 Bg6 12. d5 Nfd7 13. Re1 Na6 14. Bf4 Nc7 15.
Bxg6 fxg6 16. Bg3 Rf7 17. Ne4 Nb6 18. Ne5 dxe5 19. d6 Ncd5 20. dxe7 Qxe7 21.
Qd3 c4 22. Qd2 Raf8 23. Rad1 Nf4 24. Kh2 h6 25. Qa5 Nc8 26. Qb5 Qc7 27. Nc3 g5
28. Qxe5 Qb6 29. Qb5 Qg6 30. Ne4 Rc7 31. Rd4 a6 32. Qa5 Qc6 33. Qd2 Re7 34.
Bxf4 Rxf4 35. Rd8+ Rf8 36. Ng3 Rxe1 37. Rxf8+ Kxf8 38. Qxe1 Ne7 39. Qe5 Qd5 40.
Qc7 Ng6 41. Nf5 Qe5+ 42. Qxe5 Nxe5 43. Kg3 g6 44. Nd6 b5 45. f4 gxf4+ 46. Kxf4
Nc6 47. c3 Ke7 48. Ne4 a5 49. a4 bxa4 50. Nd2 Kd6 51. Nxc4+ Kc5 52. Ne3 Na7 53.
g5 hxg5+ 54. Kxg5 Nb5 55. Kxg6 Nxc3 56. h4 Ne2 57. Kg5 Ng3 58. Nf5 Kb4 59. Nxg3
Kb3 60. h5 Kxb2 61. h6 a3 62. h7 a2 63. h8=Q+ Kb1 64. Qb8+ Kc2 65. Qc7+ Kb2 66.
Qb6+ Kc2 67. Qc5+ Kb2 68. Qd4+ Kb1 69. Ne4 a1=Q 70. Nd2+ Ka2 71. Qa4+ Kb2 72.
Nc4+ Kb1 73. Qd1+ 1-0

[Event "World Cup Knockout ((tie-break)) 2019"]
[Site "Khanty-Mansiysk RUS"]
[Date "2019.09.22"]
[Round "4"]
[White "Aronian, Levon"]
[Black "Le, Quang Liem"]
[Result "1/2-1/2"]
[WhiteElo "2758"]
[BlackElo "2708"]
[PlyCount "99"]
[EventDate "2019.09.10"]

1. d4 g6 2. e4 d6 3. Nf3 Nf6 4. Bd3 Bg7 5. O-O O-O 6. Re1 Nc6 7. d5 Nb4 8. Bf1
c6 9. a3 Na6 10. Nc3 Bd7 11. Be3 Qc7 12. Bd4 Rac8 13. dxc6 Bxc6 14. Bxa7 Nc5
15. e5 dxe5 16. Bxc5 Bxf3 17. Qxf3 Qxc5 18. Qxb7 Ng4 19. Re2 Rb8 20. Qf3 f5 21.
Qd5+ Qxd5 22. Nxd5 Rxb2 23. h3 Nf6 24. Nxe7+ Kf7 25. Nc6 e4 26. Ne5+ Ke7 27.
Nc4 Rb5 28. Ree1 Rc5 29. Rab1 Rc7 30. f3 Rfc8 31. Nb6 Rd8 32. fxe4 Nxe4 33. Bd3
Rd4 34. Bxe4 fxe4 35. Re2 Kd6 36. a4 Rc5 37. a5 Kc6 38. a6 Ra5 39. c3 Rd3 40.
Rxe4 Rxc3 41. Rc4+ Rxc4 42. Nxc4 Rxa6 43. Nd2 Be5 44. Kf1 Ra2 45. Rd1 Bd4 46.
Ne4 Bb6 47. Rd2 Ra4 48. Rc2+ Kd7 49. Nc5+ Bxc5 50. Rxc5 1/2-1/2

[Event "World Cup Knockout ((tie-break)) 2019"]
[Site "Khanty-Mansiysk RUS"]
[Date "2019.09.22"]
[Round "4"]
[White "Mamedyarov, Shakhriyar"]
[Black "Radjabov, Teimour"]
[Result "0-1"]
[WhiteElo "2767"]
[BlackElo "2758"]
[PlyCount "88"]
[EventDate "2019.09.10"]

1. d4 Nf6 2. c4 e6 3. Nc3 d5 4. cxd5 exd5 5. Bg5 Be7 6. e3 O-O 7. Bd3 c6 8.
Nge2 Nbd7 9. Qc2 Re8 10. O-O Nf8 11. f3 g6 12. Bh4 Ne6 13. Kh1 b5 14. Rac1 Bb7
15. Nd1 Rc8 16. Qd2 a6 17. b4 Ne4 18. Bxe4 Bxh4 19. Bb1 a5 20. a3 axb4 21. axb4
Qe7 22. f4 Nf8 23. Ng1 Nd7 24. Nf3 Bf6 25. Ne5 Nb6 26. Nb2 Nc4 27. Nbxc4 bxc4
28. e4 Bg7 29. Rce1 Qc7 30. h4 Ba6 31. Rf2 Rb8 32. h5 Qd6 33. Qd1 dxe4 34. Bxe4
Rxb4 35. Nxf7 Kxf7 36. f5 Bf6 37. fxg6+ Kg7 38. gxh7 Qg3 39. Rf3 Qh4+ 40. Rh3
Rxe4 41. Rf1 Rb3 42. Rxh4 Rxh4+ 43. Kg1 Bxd4+ 44. Rf2 Rb2 0-1

[Event "World Cup Knockout ((tie-break)) 2019"]
[Site "Khanty-Mansiysk RUS"]
[Date "2019.09.22"]
[Round "4"]
[White "Duda, Jan-Krzysztof"]
[Black "Xiong, Jeffery"]
[Result "1/2-1/2"]
[WhiteElo "2730"]
[BlackElo "2707"]
[PlyCount "58"]
[EventDate "2019.09.10"]

1. e4 c6 2. d4 d5 3. e5 Bf5 4. Be3 e6 5. Nd2 Ne7 6. c3 Nd7 7. f4 Qb6 8. Nb3 a5
9. Qd2 Be4 10. Nf3 Nf5 11. Bf2 a4 12. Nc1 c5 13. Bd3 Bxf3 14. gxf3 g6 15. Bxf5
gxf5 16. Rg1 Be7 17. Ne2 c4 18. Qc2 Nf8 19. Kd2 Ng6 20. Rab1 Qc6 21. Rg3 Kd7
22. a3 Ra6 23. Be3 Rb6 24. Rbg1 h5 25. Kd1 h4 26. R3g2 Ra6 27. Bc1 Raa8 28. Rf1
Qc8 29. Ng1 Qf8 1/2-1/2

[Event "World Cup Knockout ((tie-break)) 2019"]
[Site "Khanty-Mansiysk RUS"]
[Date "2019.09.22"]
[Round "4"]
[White "Xiong, Jeffery"]
[Black "Duda, Jan-Krzysztof"]
[Result "1-0"]
[WhiteElo "2707"]
[BlackElo "2730"]
[PlyCount "63"]
[EventDate "2019.09.10"]

1. e4 Nf6 2. e5 Nd5 3. c4 Nb6 4. d4 d6 5. f4 Bf5 6. Nc3 e6 7. Nf3 Be7 8. Be3
O-O 9. Be2 dxe5 10. fxe5 Nc6 11. O-O f6 12. exf6 Bxf6 13. b3 Qe7 14. Qe1 Rad8
15. Rd1 Bg4 16. Ne4 h6 17. Qg3 Bf5 18. Nxf6+ Rxf6 19. Nh4 Bc2 20. Rxf6 Bxd1 21.
Rg6 Nxd4 22. Bd3 Ne2+ 23. Bxe2 Bxe2 24. Bxh6 Rd1+ 25. Kf2 Qf8+ 26. Nf3 Rd7 27.
Kxe2 Kh7 28. Ng5+ Kh8 29. Nxe6 Qf5 30. Bxg7+ Kg8 31. Bd4+ Kf7 32. Rf6+ 1-0

[Event "FIDE World Cup 2019"]
[Site "Khanty-Mansiysk RUS"]
[Date "2019.09.23"]
[Round "9"]
[White "Xiong, Jeffery"]
[Black "Radjabov, Teimour"]
[Result "1/2-1/2"]
[WhiteElo "2707"]
[BlackElo "2758"]
[PlyCount "60"]
[EventDate "2019.09.10"]

1. d4 Nf6 2. c4 e6 3. g3 d5 4. Bg2 Be7 5. Nf3 O-O 6. O-O dxc4 7. Na3 Bxa3 8.
bxa3 Bd7 9. Ne5 Bc6 10. Nxc6 Nxc6 11. Bxc6 bxc6 12. Bg5 h6 13. Bxf6 Qxf6 14.
Rc1 c5 15. dxc5 Qb2 16. Rxc4 Qxa2 17. Ra4 Rad8 18. Qc1 Qxe2 19. Rxa7 c6 20. Re1
Qa2 21. Rd1 Rxd1+ 22. Qxd1 Qc4 23. Qd6 Qe4 24. h4 Qe1+ 25. Kg2 Qe4+ 26. Kg1
Qe1+ 27. Kg2 Qe4+ 28. Kh2 Qf5 29. Kg1 Qb1+ 30. Kg2 Qe4+ 1/2-1/2

[Event "FIDE World Cup 2019"]
[Site "Khanty-Mansiysk RUS"]
[Date "2019.09.23"]
[Round "9"]
[White "Aronian, Levon"]
[Black "Vachier-Lagrave, Maxime"]
[Result "1/2-1/2"]
[WhiteElo "2758"]
[BlackElo "2774"]
[PlyCount "88"]
[EventDate "2019.09.10"]

1. d4 Nf6 2. c4 g6 3. Nc3 d5 4. Nf3 Bg7 5. Bg5 Ne4 6. Bf4 Nxc3 7. bxc3 c5 8.
cxd5 Qxd5 9. e3 O-O 10. Be2 cxd4 11. cxd4 Nc6 12. O-O Bf5 13. Qa4 Qa5 14. Qxa5
Nxa5 15. Nd2 Rac8 16. Rfc1 Rxc1+ 17. Rxc1 Rc8 18. Rxc8+ Bxc8 19. Bf3 Nc6 20.
Bxc6 bxc6 21. Bb8 a6 22. Ne4 f6 23. f3 Kf7 24. Kf2 Bf8 25. Ba7 f5 26. Ng5+ Ke8
27. f4 Bh6 28. Nxh7 Be6 29. a3 a5 30. Ke2 Bg8 31. Ng5 Bxg5 32. fxg5 a4 33. Kd3
Bb3 34. Kc3 Kf7 35. Kb4 Bc2 36. Bb8 Bb3 37. h4 Kg7 38. e4 fxe4 39. Bf4 e3 40.
Bxe3 Kf7 41. g4 Bd1 42. h5 e6 43. Bf4 Kg7 44. Be5+ Kh7 1/2-1/2

[Event "FIDE World Cup 2019"]
[Site "Khanty-Mansiysk RUS"]
[Date "2019.09.23"]
[Round "9"]
[White "Vitiugov, Nikita"]
[Black "Yu, Yangyi"]
[Result "1/2-1/2"]
[WhiteElo "2732"]
[BlackElo "2763"]
[PlyCount "86"]
[EventDate "2019.09.10"]

1. e4 c5 2. Nf3 d6 3. d4 cxd4 4. Nxd4 Nf6 5. Nc3 a6 6. g3 e5 7. Nde2 Be7 8. Bg2
O-O 9. O-O b5 10. Nd5 Nxd5 11. Qxd5 Ra7 12. Be3 Rb7 13. Qd2 Nd7 14. Nc3 Nf6 15.
Bg5 Be6 16. Bxf6 Bxf6 17. Nd5 Bg5 18. Qd3 a5 19. a3 Qc8 20. c3 Qc6 21. Rfd1 Kh8
22. Qe2 Qc4 23. Qh5 Bh6 24. Qf3 Qb3 25. Qe2 Qc4 26. Qc2 f5 27. b3 Qc5 28. b4
Qa7 29. exf5 Bxf5 30. Qe2 Rbf7 31. Rf1 Be6 32. Qxb5 Rxf2 33. Kh1 Qa8 34. Rxf2
Rxf2 35. Nf4 Rxg2 36. Nxg2 axb4 37. Qxb4 Bd5 38. Qb2 Be3 39. a4 h6 40. h3 Bc5
41. Kh2 Bc4 42. Qc2 Qf3 43. Nh4 Qe3 1/2-1/2